| 000 | 00448nam a22001697a 4500 | ||
|---|---|---|---|
| 999 |
_c2507 _d2507 |
||
| 005 | 20181015201627.0 | ||
| 008 | 181015b ||||| |||| 00| 0 eng d | ||
| 020 | _a0892740132 | ||
| 040 | _cDLC | ||
| 082 |
_a231.3 _bG6561H |
||
| 100 | _aGoodwin, J. R. | ||
| 245 |
_aTHe Holy Spirit's Three Gifts of Utterance _cJ. R. Goodwin |
||
| 260 |
_aOkla _bHarrison House _c1974 |
||
| 300 | _a32p,; | ||
| 650 |
_aProphecy _xSpiritual gifts |
||
| 942 |
_2ddc _cBK |
||